Insight into IELTS / (Record no. 8472)
[ view plain ]
| 000 -LEADER | |
|---|---|
| fixed length control field | 02202cam a22004935i 4500 |
| 003 - CONTROL NUMBER IDENTIFIER | |
| control field | EG-ScBUE |
| 005 - DATE AND TIME OF LATEST TRANSACTION | |
| control field | 20201128013357.0 |
| 008 - FIXED-LENGTH DATA ELEMENTS--GENERAL INFORMATION | |
| fixed length control field | 190715r20051999enka f 000 0 eng d |
| 020 ## - INTERNATIONAL STANDARD BOOK NUMBER | |
| International Standard Book Number | 9780521011488 (Student's book with answer) |
| 020 ## - INTERNATIONAL STANDARD BOOK NUMBER | |
| International Standard Book Number | 0521011485 (Student's book with answer) |
| 020 ## - INTERNATIONAL STANDARD BOOK NUMBER | |
| International Standard Book Number | 9780521626606 (Cassette) |
| 020 ## - INTERNATIONAL STANDARD BOOK NUMBER | |
| International Standard Book Number | 0521626609 (Cassette) |
| 020 ## - INTERNATIONAL STANDARD BOOK NUMBER | |
| International Standard Book Number | 9780521009492 (Workbook with answer) |
| 035 ## - SYSTEM CONTROL NUMBER | |
| System control number | (OCoLC)ocm47983907 |
| 040 ## - CATALOGING SOURCE | |
| Original cataloging agency | EG-ScBUE |
| Language of cataloging | eng |
| Description conventions | rda |
| Transcribing agency | EG-ScBUE |
| Modifying agency | EG-ScBUE |
| 082 04 - DEWEY DECIMAL CLASSIFICATION NUMBER | |
| Classification number | 428.24076 |
| Item number | JAK |
| Edition number | 22 |
| 100 1# - MAIN ENTRY--PERSONAL NAME | |
| Personal name | Jakeman, Vanessa, |
| Relator term | author. |
| 9 (RLIN) | 13548 |
| 245 10 - TITLE STATEMENT | |
| Title | Insight into IELTS / |
| Statement of responsibility, etc | Vanessa Jakeman, Clare McDowell. |
| 246 34 - VARYING FORM OF TITLE | |
| Title proper/short title | Insight into IELTS : |
| Remainder of title | the Cambridge IELTS course |
| 250 ## - EDITION STATEMENT | |
| Edition statement | Ninth printing. |
| 250 ## - EDITION STATEMENT | |
| Edition statement | Updated edition. |
| 264 #1 - PUBLICATION, DISTRIBUTION, ETC. (IMPRINT) | |
| Place of publication, distribution, etc | Cambridge, UK : |
| Name of publisher, distributor, etc | Cambridge University Press, |
| Date of publication, distribution, etc | 2005. |
| 300 ## - PHYSICAL DESCRIPTION | |
| Extent | 2 volumes : |
| Other physical details | illustrations ; |
| Dimensions | 28 cm. + |
| Accompanying material | 1 cassette |
| 336 ## - CONTENT TYPE | |
| Content type term | text |
| Content type code | txt |
| Source | rdacontent |
| 336 ## - CONTENT TYPE | |
| Content type term | spoken word |
| Content type code | spw |
| Source | rdacontent |
| 337 ## - MEDIA TYPE | |
| Media type term | unmediated |
| Media type code | n |
| Source | rdamedia |
| 337 ## - MEDIA TYPE | |
| Media type term | audio |
| Media type code | s |
| Source | rdamedia |
| 338 ## - CARRIER TYPE | |
| Carrier type term | volume |
| Carrier type code | nc |
| Source | rdacarrier |
| 338 ## - CARRIER TYPE | |
| Carrier type term | audiocassette |
| Carrier type code | ss |
| Source | rdacarrier |
| 490 0# - SERIES STATEMENT | |
| Series statement | Cambridge books for cambridge exams |
| 500 ## - GENERAL NOTE | |
| General note | First published for student's book, 1999. |
| 500 ## - GENERAL NOTE | |
| General note | Insight to IELTS extra with answers (workbook) published, 2003. |
| 500 ## - GENERAL NOTE | |
| General note | "Speaking section updated to reflect the new exam specifications"-- title page. |
| 505 0# - FORMATTED CONTENTS NOTE | |
| Formatted contents note | volume 1. Student's book with answers -- volume 2. Workbook with answers. |
| 520 ## - SUMMARY, ETC. | |
| Summary, etc | Insight into IELTS offers comprehensive preparation for the IELTS examination, developing skills, language, and familiarity with the test format for each paper progressively.<br/> |
| 650 #7 - SUBJECT ADDED ENTRY--TOPICAL TERM | |
| Topical term or geographic name as entry element | International English Language Testing System |
| Form subdivision | Study guides. |
| Source of heading or term | BUEsh |
| 9 (RLIN) | 2901 |
| 650 #7 - SUBJECT ADDED ENTRY--TOPICAL TERM | |
| Topical term or geographic name as entry element | English language |
| Form subdivision | Textbooks for foreign speakers. |
| Source of heading or term | BUEsh |
| 650 #7 - SUBJECT ADDED ENTRY--TOPICAL TERM | |
| Topical term or geographic name as entry element | English language |
| General subdivision | Study and teaching |
| -- | Foreign speakers. |
| Source of heading or term | BUEsh |
| 650 #7 - SUBJECT ADDED ENTRY--TOPICAL TERM | |
| Topical term or geographic name as entry element | Universities and colleges |
| General subdivision | Entrance examinations. |
| Source of heading or term | BUEsh |
| 653 ## - INDEX TERM--UNCONTROLLED | |
| Resource For college | Humanities: English |
| Arrived date list | December2019 |
| 655 ## - INDEX TERM--GENRE/FORM | |
| Form subdivision | Reading book |
| 9 (RLIN) | 34232 |
| 700 1# - ADDED ENTRY--PERSONAL NAME | |
| Personal name | McDowell, Clare, |
| Relator term | author. |
| 9 (RLIN) | 13552 |
| 942 ## - ADDED ENTRY ELEMENTS (KOHA) | |
| Source of classification or shelving scheme | Dewey Decimal Classification |
| Koha item type | Book - Borrowing |
| Withdrawn status | Lost status | Source of classification or shelving scheme | Damaged status | Not for loan | Collection code | Home library | Current library | Shelving location | Date acquired | Source of acquisition | Total Checkouts | Total Renewals | Full call number | Barcode | Date last seen | Date checked out | Cost, replacement price | Koha item type | Public note | Cost, normal purchase price | Checked out | Serial Enumeration / chronology | Price effective from |
|---|---|---|---|---|---|---|---|---|---|---|---|---|---|---|---|---|---|---|---|---|---|---|---|
| Lost and Paid For | Dewey Decimal Classification | Baccah | Central Library | Central Library | Second Floor | 05/05/2008 | Purchase | 4 | 3 | 428.24076 JAK | 000002185 | 18/01/2010 | 18/01/2010 | 144.00 | Book - Borrowing | Student's book | |||||||
| Lost and Paid For | Dewey Decimal Classification | Baccah | Central Library | Central Library | Second Floor | 08/03/2010 | Purchase | 1 | 1 | 428.24076 JAK | 000010283 | 18/01/2010 | 18/01/2010 | Book - Borrowing | Student's book | 162.00 | |||||||
| Dewey Decimal Classification | Baccah | Central Library | Central Library | Second Floor | 05/05/2008 | Purchase | 7 | 16 | 428.24076 JAK | 000011079 | 17/01/2017 | 17/01/2017 | Book - Borrowing | Student's book | 19/12/2020 | ||||||||
| Dewey Decimal Classification | ILB | Central Library | Central Library | Second Floor | 30/03/2009 | Purchase | 9 | 26 | 428.24076 JAK | 000015691 | 15/07/2025 | 06/08/2018 | Book - Borrowing | Student's book | 162.00 | 43868 | 30/03/2009 | ||||||
| Dewey Decimal Classification | ILB | Central Library | Central Library | Second Floor | 30/03/2009 | Purchase | 11 | 42 | 428.24076 JAK | 000015493 | 15/07/2025 | 12/10/2023 | Book - Borrowing | Workbook | 84.50 | 43873 | |||||||
| Dewey Decimal Classification | Baccah | Central Library | Central Library | Second Floor | 30/05/2010 | Purchase | 5 | 3 | 428.24076 JAK | 000006519 | 24/08/2022 | 26/08/2013 | Cassette (NB) | Cassette | |||||||||
| Dewey Decimal Classification | Donation-Gift | Central Library | Central Library | Second Floor | 23/08/2021 | Donation | 428.24076 JAK | 000050596 | 15/07/2025 | NB - Book (Non borrowing) | Workbook | 23/08/2021 |